000 00568nam a22002297a 4500
003 UA-OsUOA
001 99773
007 ta
008 20130515b un ||||| |||| 00| 0 ukr d
100 _aТагор Рабиндранат
090 _a821.214.32
_bТ13
942 _cBK
040 _aUA-OsUOA
_brus
_cUA-OsUOA
_dUA-OsUOA
245 _aРасскзы
300 _a430 с.
955 _a3
041 _arus
080 _a821.214.32
260 _aМ.
_c1957
650 7 _a82 Література. Літературознавство
_2UDC
999 _c386015
_d386015